00692nam a2200241 a 4500001001300000003000900013005001700022008004100039020001000080082001600090100002000106245002400126260004200150300000900192500003500201505003100236650001900267700002000286902000800306942000700314952011600321999001300437nice12345678IN_TiNIC20260116011342.0050524s1959 alia grp 000 0 urd  ac10000a891.51bMUN aMunibur, Rehman aJadeed Farsi Shairi aAligarhbIdarah-E-Uloom Islamiac1959 a132p aincludes index and biblioraphy2 aNotes, Bibliography, Index aPersian Poetry1 aMunibur, Rehman bSRS cBK 001040708StackRoom-aHMIbHMId2007-06-01g100.00l0o891.51 MUNp03823r2007-06-01v100.00w2005-05-24yBK c768d768